Normal view
MARC view
Entry Personal Name
001 - CONTROL NUMBER
- control field: 533055
003 - CONTROL NUMBER IDENTIFIER
- control field: OSt
005 - DATE AND TIME OF LATEST TRANSACTION
- control field: 20220930074135.0
008 - FIXED-LENGTH DATA ELEMENTS
- fixed length control field: 220930|| aca||aabn | a|a d
040 ## - CATALOGING SOURCE
- Original cataloging agency: OSt
- Transcribing agency: OSt
100 ## - HEADING--PERSONAL NAME
- Personal name: Prof. Sunita Dhar Gu
670 ## - SOURCE DATA FOUND
- Source citation: Work cat.: (OSt)865988: Kaul Bhushan Lal 533054, Pandit Ravi Shankar aur Ustad Vilayat Khan ki vadan shailli ka adhyayan, 2002
